Football - Turkish Clubs by their Numbers 2019-20 - Statistics

General Stats
  • This quiz has been taken 301 times
    294 since last reset
  • The average score is 11 of 17
Answer Stats
Number CLUB % Correct
1903 Besiktas
100%
1905 Galatasaray
99%
1907 Fenerbahce
98%
1967 Trabzonspor
91%
2014 Istanbul Basaksehir
87%
1910 Ankaragucu
66%
1966 Antalyaspor
64%
1925 Goztepe
60%
1922 Konyaspor
59%
1967 Sivasspor
59%
1953 Caykur Rizespor
55%
1966 Kayserispor
55%
1923 Genclerbirligi
54%
1948 Alanyaspor
52%
1921 Kasimpasa
48%
1988 Gazisehir Gaziantep
42%
1966 Denizlispor
31%
No matching quizzes found
Score Distribution
Percent of People with Each Score
Percentile by Number Answered
Your Score History
You have not taken this quiz since the last reset